Zgadnij Państwo po kształcie - Statystyki

Ogólne statystyki
  • Ten quiz został rozwiązany 349 razy
  • Średni wynik to 11 z 16
Statystyki odpowiedzi
Obrazkowy Odpowiedź % Poprawnych
Polska
100%
Indie
91%
Rosja
91%
Stany Zjednoczone
90%
Australia
87%
Islandia
87%
Japonia
87%
Chiny
85%
Ukraina
78%
Czechy
72%
Kazachstan
70%
Portugalia
70%
Bangladesz
51%
Korea Południowa
46%
Lesotho
12%
Suazi
7%
Nie znaleziono quizów pasujących do podanych kryteriów
Rozkład punktacji
Procent ludzi z każdym wynikiem
Percentyl według liczby udzielonych odpowiedzi
Twoja historia wyników
Nie rozwiązałeś tego quizu